[Event "Veyangoda Queenstar op"]
[Site "Veyangoda"]
[Date "2023.04.16"]
[Round "2"]
[White "Gunathilaka, Kavinu Sanul"]
[Black "Alahakoon, Isuru"]
[Result "0-1"]
[WhiteElo "1140"]
[BlackElo "1874"]
[PlyCount "42"]
[EventDate "2023.04.16"]
[EventType "swiss"]
[EventRounds "9"]
[EventCountry "SRI"]
[SourceTitle "EXT 2024"]
[Source "ChessBase"]
[SourceDate "2023.10.10"]
[SourceVersion "1"]
[SourceVersionDate "2023.10.10"]
[SourceQuality "1"]

1. e4 c5 2. Nf3 e6 3. c3 d5 4. exd5 Qxd5 5. d4 Nc6 6. Bb5 cxd4 7. Bxc6+ Qxc6 8. Qxd4 Ne7 9. 0-0 Nf5 10. Qd3 Bd6 11. Nd4 Nxd4 12. Qxd4 b6 13. Qxg7 Rf8 14. Bg5 Bb7 15. f3 Qc7 16. Qxh7 Qc5+ 17. Rf2 Qxg5 18. Rd2 Qe3+ 19. Rf2 Qe1+ 20. Rf1 Bc5+ 21. Kh1 Qxf1# 0-1